| 000 | 01008nam0a22003011 4500 | ||
|---|---|---|---|
| 001 | v19\rc\1663153 | ||
| 005 | 20250619011023.0 | ||
| 035 | _a(NLR Aleph) 004772212 | ||
| 090 |
_a4634356 _c4634356 |
||
| 100 | _a20061002d1891 |||y0rusy50 ca | ||
| 101 | 0 | _arus | |
| 102 | _aRU | ||
| 105 | _ay z ||||| | ||
| 200 | 1 |
_aПчеловодная литература. (С 1775-1891 г.) _fСост. член Париж. нац. акад., канд. прав. В.П. Попов |
|
| 210 |
_aПенза _cтип. И.В. Сивохина _d1891 |
||
| 215 |
_a15 с. _d16 |
||
| 700 | 1 |
_4220 _aПопов _bВ. П. _cпчеловод _f1862-1918 _gВладимир Павлович _9230376 _3RU\NLR\AUTH\770230432 |
|
| 801 | 0 |
_aRU _bNLR _gpsbo |
|
| 801 | 0 |
_aRU _bRuMoRGB _2psbo |
|
| 801 | 1 |
_aRU _bProSoft-M _2rusmarc |
|
| 852 |
_aNLR _jС389-410/П-58 |
||
| 899 |
_aRuMoRGB _jR 13/84 |
||
| 899 |
_aRuMoRGB _jR 237/1251 |
||
| 899 |
_aRuMoRGB _jЦБС |
||
| 899 | _aНБ МГУ | ||
| 942 | _cBOOK | ||
| 980 | _aNB | ||